Todos envolvidos na missão : (Registro nro. 61720)

Detalles MARC
000 -LEADER
campo de control de longitud fija 01468nam a22003974a 4500
003 - IDENTIFICADOR DE NÚMERO DE CONTROL
campo de control PE-LiUPU
005 - FECHA Y HORA DE LA ÚLTIMA TRANSACCIÓN
campo de control 20250731173557.0
007 - CAMPO FIJO DE DESCRIPCIÓN FÍSICA--INFORMACIÓN GENERAL
campo de control de longitud fija ta
008 - DATOS DE LONGITUD FIJA--INFORMACIÓN GENERAL
campo de control de longitud fija 180514s2017 bl g 000 0dpor
020 ## - NÚMERO INTERNACIONAL ESTÁNDAR DEL LIBRO
Número Internacional Estándar del Libro 9788534525299
040 ## - FUENTE DE CATALOGACIÓN
Centro catalogador/agencia de origen PE-LiUPU
Lengua de catalogación spa
Centro/agencia transcriptor PE-LiUPU
Normas de descripción rda
041 1# - CÓDIGO DE IDIOMA
Código de lengua del texto/banda sonora o título independiente por
Código de lengua original spa
082 04 - NÚMERO DE LA CLASIFICACIÓN DECIMAL DEWEY
Número de edición 23
Número de clasificación 269.2
Cutter B938t
100 1# - ENTRADA PRINCIPAL--NOMBRE DE PERSONA
Nombre de persona Bullón, Alejandro
Fechas asociadas al nombre 1947-
240 10 - TÍTULO UNIFORME
Título uniforme Todo miembro involucrado.
Lenguaje de la obra Português.
245 10 - MENCIÓN DEL TÍTULO
Título Todos envolvidos na missão :
Resto del título um chamado para servir /
Mención de responsabilidad, etc. Alejandro Bullón ; tradução Delmar Freire. -
260 ## - PUBLICACIÓN, DISTRIBUCIÓN, ETC.
Lugar de publicación, distribución, etc. Tatuí, SP :
Nombre del editor, distribuidor, etc. Casa Publicadora Brasileira,
Fecha de publicación, distribución, etc. 2017.
300 ## - DESCRIPCIÓN FÍSICA
Extensión 109 páginas ;
Dimensiones 21 centímetros.
500 ## - NOTA GENERAL
Nota general Traducción de: Todo miembro involucrado.
505 ## - NOTA DE CONTENIDO CON FORMATO
Nota de contenido con formato Todos envolvidos na missao -- Uma necessidade espiritual -- O discipulado -- Como se forma um discipulo -- O valor de uma igreja receptiva -- O discipulo e a Bíblia -- O discipúlo e a Oracao -- A espera e a missao -- Discipulando lideres espirituais -- O preco do discipulado -- O discípulo e a colheita final.
526 ## - NOTA DE INFORMACIÓN SOBRE EL PROGRAMA DE ESTUDIO
Nombre del programa Segunda Especialidad En Profecías Bíblicas
526 ## - NOTA DE INFORMACIÓN SOBRE EL PROGRAMA DE ESTUDIO
Nombre del programa Segunda Especialidad En Nuevo Testamento
526 ## - NOTA DE INFORMACIÓN SOBRE EL PROGRAMA DE ESTUDIO
Nombre del programa Segunda Especialidad En Antiguo Testamento
526 ## - NOTA DE INFORMACIÓN SOBRE EL PROGRAMA DE ESTUDIO
Nombre del programa Segunda Especialidad En Estudios Adventistas
526 ## - NOTA DE INFORMACIÓN SOBRE EL PROGRAMA DE ESTUDIO
Nombre del programa Doctorado en teología
526 ## - NOTA DE INFORMACIÓN SOBRE EL PROGRAMA DE ESTUDIO
Nombre del programa Maestría en teología histórica
526 ## - NOTA DE INFORMACIÓN SOBRE EL PROGRAMA DE ESTUDIO
Nombre del programa Maestría en teología bíblica
526 ## - NOTA DE INFORMACIÓN SOBRE EL PROGRAMA DE ESTUDIO
Nombre del programa Maestría en teología
526 ## - NOTA DE INFORMACIÓN SOBRE EL PROGRAMA DE ESTUDIO
Nombre del programa Maestría en misionología
526 ## - NOTA DE INFORMACIÓN SOBRE EL PROGRAMA DE ESTUDIO
Nombre del programa Maestría en liderazgo eclesiástico
526 ## - NOTA DE INFORMACIÓN SOBRE EL PROGRAMA DE ESTUDIO
Nombre del programa Teología
650 #0 - PUNTO DE ACCESO ADICIONAL DE MATERIA--TÉRMINO DE MATERIA
Término de materia o nombre geográfico como elemento de entrada Evangelismo
9 (RLIN) 953
700 1# - ENTRADA AGREGADA--NOMBRE PERSONAL
Nombre de persona Freire, Delmar F.
942 ## - ELEMENTOS DE ENTRADA SECUNDARIOS (KOHA)
Fuente del sistema de clasificación o colocación Clasificación Decimal Dewey
Tipo de ítem Koha Libros físicos
Suprimir en OPAC No
980 ## - EQUIVALENCIA O REFERENCIA-CRUZADA-MENCIÓN DE SERIE--NOMBRE DE PERSONA/TÍTULO [LOCAL, CANADÁ]
ID del usuario creador del registro 18226
Nombre del creador del registro Jaime Vilcazán Jefe de Análisis Documental
ID del último usuario que modificó el registro 1
Nombre del último usuario que modificó el registro ALBERTO SANCHEZ Responsable de Automatización
Existencias
Visto por última vez Total de préstamos Signatura topográfica completa Código de barras Copia número Fecha de reemplazo Facultad Tipo de ítem Koha Nota pública Estado de pérdida Fuente del sistema de clasificación o colocación Restricciones de uso No para préstamo Colección Programa académico Biblioteca de origen Biblioteca actual Ubicación en estantería Fecha de adquisición
2025-12-02   269.2 B938t 81309 e1 2023-02-09   Libros físicos inventario-2023-12-13 No Perdido Clasificación Decimal Dewey No restringido Disponible para préstamos Colección General Teología Biblioteca CRAI UPeU Lima Biblioteca CRAI UPeU Lima Sala principal 2022-01-27